000 00313 a2200121 4500
001 65795
040 _cAnchieta - Pituba
240 1 0 _a2ª Avaliação de Língua Portuguesa, 8º ano
_lpor
245 1 0 _a2ª Avaliação de Língua Portuguesa, 8º ano
362 0 _a2018
650 4 _aLíngua Portuguesa
942 _cBK
999 _c65795
_d65795